[Event "BCF-chT1c 0910 (4NCL) Promotion pool"]
[Site "England"]
[Date "2010.05.01"]
[Round "9.2"]
[White "Hammer, Jon Ludvig"]
[Black "King, Daniel J"]
[Result "1-0"]
[WhiteElo "2617"]
[BlackElo "2494"]
[PlyCount "63"]
[EventDate "2009.10.24"]
[EventType "team-tourn"]
[EventRounds "4"]
[EventCountry "ENG"]
[SourceTitle "EXT 2011"]
[Source "ChessBase"]
[SourceDate "2010.11.26"]
[SourceVersion "1"]
[SourceVersionDate "2010.11.26"]
[SourceQuality "1"]
[WhiteTeam "Wood Green Hilsmark Kingfisher"]
[BlackTeam "Guildford"]
[WhiteTeamCountry "ENG"]
[BlackTeamCountry "ENG"]

1. d4 d5 2. c4 e6 3. Nc3 Be7 4. Bf4 Nf6 5. e3 0-0 6. a3 b6 7. cxd5 Nxd5 8. Nxd5 exd5 9. Nf3 c5 10. Ne5 f6 11. Nf3 Nc6 12. Bb5 Na5 13. dxc5 bxc5 14. Rc1 Qb6 15. Be2 Be6 16. Qc2 Nb3 17. Rd1 Rfd8 18. Bd3 h6 19. 0-0 Bd6 20. Bxd6 Rxd6 21. Nh4 Rb8 22. Qe2 c4 23. Bf5 Bf7 24. Bb1 Nc5 25. Nf5 Rd7 26. Qg4 Be6 27. Nxh6+ Kf8 28. Nf5 Qxb2 29. Qh5 Qe5 30. f4 Qc3 31. Qh8+ Bg8 32. Rxd5 1-0

[Event "BCF-chT1b 0910 (4NCL)"]
[Site "England"]
[Date "2009.10.25"]
[Round "2.2"]
[White "Tiller, Bjorn"]
[Black "King, Daniel J"]
[Result "1-0"]
[WhiteElo "2378"]
[BlackElo "2494"]
[PlyCount "85"]
[EventDate "2009.10.24"]
[EventType "team-tourn"]
[EventRounds "7"]
[EventCountry "ENG"]
[SourceTitle "EXT 2011"]
[Source "ChessBase"]
[SourceDate "2010.11.26"]
[SourceVersion "1"]
[SourceVersionDate "2010.11.26"]
[SourceQuality "1"]
[WhiteTeam "Wood Green Hilsmark Kingfisher II"]
[BlackTeam "Guildford"]
[WhiteTeamCountry "ENG"]
[BlackTeamCountry "ENG"]

1. b4 e5 2. Bb2 d6 3. c4 Nf6 4. g3 g6 5. Bg2 Bg7 6. Nh3 0-0 7. 0-0 Re8 8. e3 c6 9. f4 a5 10. b5 cxb5 11. cxb5 Nbd7 12. Qc2 Nb6 13. Rc1 Bf5 14. Qc7 Qxc7 15. Rxc7 Bxh3 16. Bxh3 exf4 17. Rxb7 Na4 18. Bd4 fxe3 19. dxe3 Nd5 20. Na3 Nc5 21. Rd7 Nxd7 22. Bxd7 Rxe3 23. Bxe3 Nxe3 24. Rb1 Bd4 25. Rb3 Kf8 26. Kf2 Nd5+ 27. Kf3 Nb4 28. Nc4 Bc5 29. b6 Ke7 30. b7 Rb8 31. Bc8 a4 32. Ra3 d5 33. Na5 Kd6 34. Rxa4 Nd3 35. Nb3 Bb6 36. Ra8 Kc7 37. a4 Ne5+ 38. Ke2 Nc6 39. a5 Bg1 40. a6 Ba7 41. Bd7 Bb6 42. Kd3 h5 43. h3 1-0

[Event "BCF-chT1c 0809 (4NCL) Promotion pool"]
[Site "England"]
[Date "2009.05.03"]
[Round "10.7"]
[White "Gayson, Peter"]
[Black "King, Daniel J"]
[Result "0-1"]
[WhiteElo "2256"]
[BlackElo "2512"]
[PlyCount "106"]
[EventDate "2008.10.04"]
[EventType "team-tourn"]
[EventRounds "4"]
[EventCountry "ENG"]
[SourceTitle "EXT 2010"]
[Source "ChessBase"]
[SourceDate "2010.11.25"]
[SourceVersion "1"]
[SourceVersionDate "2010.11.25"]
[SourceQuality "1"]
[WhiteTeam "White Rose"]
[BlackTeam "Guildford"]
[WhiteTeamCountry "ENG"]
[BlackTeamCountry "ENG"]

1. e4 c5 2. Nf3 d6 3. d4 cxd4 4. Nxd4 Nf6 5. Nc3 a6 6. f4 g6 7. Nf3 Bg7 8. a4 Nc6 9. Bd3 Qb6 10. Qe2 0-0 11. Qe3 Qxe3+ 12. Bxe3 e5 13. fxe5 Ng4 14. Bd2 Ngxe5 15. Nxe5 Nxe5 16. 0-0 Be6 17. Bg5 Rfc8 18. Bf6 Bxf6 19. Rxf6 Rc6 20. Ne2 Rb6 21. Nd4 Re8 22. Rb1 Kg7 23. Nxe6+ fxe6 24. Rf2 Rb4 25. Rd2 Rxa4 26. Be2 Rxe4 27. Bf3 Nxf3+ 28. gxf3 Rf4 29. Rxd6 Rxf3 30. Re1 Rf6 31. Re5 Re7 32. c4 Kf7 33. c5 Rf5 34. Rxf5+ gxf5 35. b4 Kf6 36. Kf2 Ke5 37. Ke3 Rc7 38. Rd8 a5 39. bxa5 Rxc5 40. Rd7 Rxa5 41. Rxb7 h5 42. Rh7 f4+ 43. Kf3 Ra3+ 44. Kg2 Ke4 45. Rxh5 e5 46. Rh8 Ra2+ 47. Kh3 Kf3 48. Rb8 e4 49. Rb3+ e3 50. Rc3 Kf2 51. Kg4 f3 52. h4 Ra4+ 53. Kg5 e2 0-1

[Event "BCF-chT1b 0809 (4NCL)"]
[Site "England"]
[Date "2008.12.06"]
[Round "3.6"]
[White "Taylor, Peter P"]
[Black "King, Daniel J"]
[Result "1/2-1/2"]
[WhiteElo "2254"]
[BlackElo "2518"]
[PlyCount "65"]
[EventDate "2008.10.04"]
[EventType "team-tourn"]
[EventRounds "7"]
[EventCountry "ENG"]
[SourceTitle "CBM 127 Extra"]
[Source "ChessBase"]
[SourceDate "2009.01.08"]
[SourceVersion "2"]
[SourceVersionDate "2009.01.28"]
[SourceQuality "1"]
[WhiteTeam "Barbican II"]
[BlackTeam "Guildford"]
[WhiteTeamCountry "ENG"]
[BlackTeamCountry "ENG"]

1. d4 e6 2. Nf3 c5 3. e3 Nf6 4. Bd3 d5 5. c3 Nbd7 6. Nbd2 Be7 7. 0-0 0-0 8. e4 dxe4 9. Nxe4 b6 10. dxc5 Nxc5 11. Nxc5 bxc5 12. Qe2 Bb7 13. Ba6 Bxa6 14. Qxa6 Nd5 15. Rd1 Qc7 16. Bg5 Rab8 17. Bxe7 Nxe7 18. b3 Rfd8 19. Qe2 Nd5 20. c4 Nb4 21. Ne5 f6 22. Ng4 Kf7 23. Ne3 g6 24. Qf3 h5 25. g4 Qe5 26. Rxd8 Rxd8 27. Rd1 Rxd1+ 28. Qxd1 Ke7 29. Qf3 Nd3 30. Qb7+ Kf8 31. Qc8+ Kg7 32. Qb7+ Kf8 33. Qc8+ 1/2-1/2

[Event "BCF-chT 0708 (4NCL)"]
[Site "Sunningdale"]
[Date "2008.05.04"]
[Round "10.1"]
[White "King, Daniel J"]
[Black "Speelman, Jonathan S"]
[Result "1/2-1/2"]
[WhiteElo "2518"]
[BlackElo "2529"]
[PlyCount "105"]
[EventDate "2007.09.15"]
[EventType "team-tourn"]
[EventRounds "11"]
[EventCountry "ENG"]
[SourceTitle "EXT 2008"]
[Source "ChessBase"]
[SourceDate "2007.11.25"]
[SourceVersion "1"]
[SourceVersionDate "2007.11.25"]
[SourceQuality "1"]
[WhiteTeam "Guildford II"]
[BlackTeam "The ADS"]
[WhiteTeamCountry "ENG"]
[BlackTeamCountry "ENG"]

1. e4 c6 2. d4 d5 3. exd5 cxd5 4. c4 Nf6 5. Nc3 e6 6. Nf3 Bb4 7. cxd5 Nxd5 8. Bd2 Nc6 9. Bd3 0-0 10. 0-0 Be7 11. Qe2 Ndb4 12. Be4 b6 13. Rfd1 Ba6 14. Qe1 Rc8 15. Bf4 Bc4 16. Ne5 Bd5 17. Nxd5 Nxd5 18. Bg3 Bh4 19. Rac1 Nxe5 20. dxe5 Bxg3 21. hxg3 Rxc1 22. Rxc1 Ne7 23. Qb4 Ng6 24. f4 Qd7 25. Kh2 Rd8 26. Qc4 Qd2 27. Rc2 Qe1 28. Rc1 Qd2 29. Rc2 Qe1 30. Bf3 Rf8 31. Qe2 Qa5 32. a3 Ne7 33. Qd2 Qa4 34. Rc7 Nf5 35. Qb4 Qxb4 36. axb4 Nd4 37. Be4 Rd8 38. Rxa7 h5 39. Rb7 b5 40. Kg1 g6 41. Kf2 Nf5 42. Kf3 Rd1 43. Kf2 Rd4 44. Bxf5 gxf5 45. Rxb5 h4 46. Ke3 Re4+ 47. Kf3 hxg3 48. Kxg3 Re2 49. Rc5 Rxb2 50. Rc4 Rb3+ 51. Kh4 Kg7 52. g4 Kg6 53. Rd4 1/2-1/2

[Event "BCF-chT 0607 (4NCL)"]
[Site "Sunningdale"]
[Date "2007.05.07"]
[Round "11.7"]
[White "King, Daniel J"]
[Black "Radovanovic, Jovica"]
[Result "1/2-1/2"]
[WhiteElo "2528"]
[BlackElo "2362"]
[PlyCount "43"]
[EventDate "2006.09.16"]
[EventType "team"]
[EventRounds "11"]
[EventCountry "ENG"]
[SourceTitle "EXT 2008"]
[Source "ChessBase"]
[SourceDate "2007.11.25"]
[SourceVersion "1"]
[SourceVersionDate "2007.11.25"]
[SourceQuality "1"]
[WhiteTeam "Guildford"]
[BlackTeam "Hilsmark Kingfisher"]
[WhiteTeamCountry "ENG"]
[BlackTeamCountry "ENG"]

1. g3 d5 2. Nf3 Nf6 3. Bg2 c6 4. 0-0 Bf5 5. d3 e6 6. c4 Nbd7 7. cxd5 cxd5 8. Nc3 Bc5 9. Qb3 Qb6 10. Qxb6 Bxb6 11. Nh4 Bg6 12. Nxg6 hxg6 13. Bd2 0-0 14. Rac1 Rac8 15. h3 a6 16. Rfd1 Ba7 17. Kf1 Rfd8 18. e3 Ne5 19. Ke2 Nc6 20. Na4 Nd7 21. Be1 Kf8 22. e4 1/2-1/2

[Event "BCF-chT 0607 (4NCL)"]
[Site "Sunningdale"]
[Date "2006.11.11"]
[Round "3.5"]
[White "Ashton, Adam"]
[Black "King, Daniel J"]
[Result "1/2-1/2"]
[WhiteElo "2304"]
[BlackElo "2534"]
[PlyCount "99"]
[EventDate "2006.09.16"]
[EventType "team"]
[EventRounds "11"]
[EventCountry "ENG"]
[SourceTitle "EXT 2008"]
[Source "ChessBase"]
[SourceDate "2007.11.25"]
[SourceVersion "1"]
[SourceVersionDate "2007.11.25"]
[SourceQuality "1"]
[WhiteTeam "3CS Oldham"]
[BlackTeam "Guildford"]
[WhiteTeamCountry "ENG"]
[BlackTeamCountry "ENG"]

1. e4 c5 2. Nf3 d6 3. d4 cxd4 4. Nxd4 Nf6 5. Nc3 a6 6. Bc4 e6 7. Bb3 Nbd7 8. Bg5 Nc5 9. f4 Be7 10. Qf3 h6 11. Bxf6 Bxf6 12. 0-0-0 Qb6 13. Nde2 Bd7 14. Ng3 Be7 15. f5 0-0-0 16. Kb1 Bf6 17. Nh5 Be5 18. Nf4 Rhe8 19. fxe6 fxe6 20. Ng6 Bxc3 21. Qxc3 Bc6 22. Rhe1 Qc7 23. e5 Ne4 24. Qd4 dxe5 25. Qxe5 Nd2+ 26. Kc1 Nxb3+ 27. axb3 Bxg2 28. Rxd8+ Rxd8 29. Qxe6+ Kb8 30. Qe7 Bc6 31. h4 Re8 32. Qb4 Rxe1+ 33. Qxe1 Qd6 34. Ne5 Bd5 35. Kb1 Ka8 36. Nd3 Be6 37. Qc3 Bf5 38. Nf2 Qc6 39. Qd2 g5 40. hxg5 hxg5 41. Nd1 g4 42. Ne3 Be6 43. Qd8+ Qc8 44. Qd6 Qg8 45. b4 g3 46. b5 axb5 47. Qa3+ Kb8 48. Qd6+ Ka8 49. Qa3+ Kb8 50. Qd6+ 1/2-1/2

[Event "Southend op-A"]
[Site "Southend"]
[Date "2006.04.17"]
[Round "7"]
[White "Crouch, Colin S"]
[Black "King, Daniel J"]
[Result "1-0"]
[WhiteElo "2357"]
[BlackElo "2522"]
[PlyCount "107"]
[EventDate "2006.04.14"]
[EventType "swiss"]
[EventRounds "7"]
[EventCountry "ENG"]
[SourceTitle "EXT 2007"]
[Source "ChessBase"]
[SourceDate "2006.11.23"]
[SourceVersion "1"]
[SourceVersionDate "2006.11.23"]
[SourceQuality "1"]

1. d4 e6 2. c4 Bb4+ 3. Nc3 b6 4. e4 Bb7 5. Bd3 f5 6. Qh5+ g6 7. Qe2 Nf6 8. f3 Nc6 9. Be3 fxe4 10. fxe4 e5 11. Nf3 exd4 12. Nxd4 Ne5 13. 0-0 Bxc3 14. bxc3 0-0 15. Bg5 Qe7 16. Rf4 Qd6 17. Bc2 Kg7 18. Rd1 Qc5 19. Qe3 Nxc4 20. Ne6+ dxe6 21. Qxc5 bxc5 22. Bxf6+ Kg8 23. Bb3 Nd6 24. Bxe6+ Nf7 25. Bc4 Rae8 26. Rd7 Bc8 27. Rxc7 Be6 28. Bxe6 Rxe6 29. Be7 Rb8 30. Bxc5 Ne5 31. Bd4 Rb1+ 32. Rf1 Rxf1+ 33. Kxf1 Nc6 34. Bxa7 Nxa7 35. Rxa7 Rxe4 36. Kf2 Rc4 37. Ra3 Kf7 38. Ke3 Ke6 39. Kd3 Rf4 40. Ke3 Rf1 41. Ra5 Rb1 42. h4 Rg1 43. Kf3 Rc1 44. Ra3 Rc2 45. g3 Kf5 46. g4+ Ke5 47. Ke3 Rh2 48. Ra5+ Ke6 49. h5 Rh3+ 50. Kd2 gxh5 51. gxh5 Kd6 52. Kc2 Kc6 53. Kb3 Kb6 54. Rf5 1-0

[Event "Southend op-A"]
[Site "Southend"]
[Date "2006.04.15"]
[Round "3"]
[White "Tozer, Richard"]
[Black "King, Daniel J"]
[Result "1/2-1/2"]
[WhiteElo "2302"]
[BlackElo "2522"]
[PlyCount "81"]
[EventDate "2006.04.14"]
[EventType "swiss"]
[EventRounds "7"]
[EventCountry "ENG"]
[SourceTitle "EXT 2007"]
[Source "ChessBase"]
[SourceDate "2006.11.23"]
[SourceVersion "1"]
[SourceVersionDate "2006.11.23"]
[SourceQuality "1"]

1. d4 e6 2. c4 d5 3. Nf3 Nf6 4. Nc3 Be7 5. Bg5 h6 6. Bh4 0-0 7. e3 b6 8. Bd3 Bb7 9. 0-0 Nbd7 10. Rc1 c5 11. cxd5 Nxd5 12. Bg3 N7f6 13. a3 Nxc3 14. Rxc3 Ne4 15. Bxe4 Bxe4 16. dxc5 Bxc5 17. Qa4 Bxf3 18. gxf3 Qd2 19. Rc2 Qd3 20. Qe4 Rfd8 21. Rfc1 Qxe4 22. fxe4 a5 23. Kf1 Rd7 24. Ke2 Rad8 25. Be5 Kf8 26. Bc3 a4 27. Rd2 Rxd2+ 28. Bxd2 Ke7 29. Rc4 Ra8 30. Bc3 g5 31. h3 Kd6 32. Kd3 e5 33. Bb4 Kc6 34. Rc2 Rd8+ 35. Ke2 h5 36. Bc3 f6 37. Rd2 Rxd2+ 38. Kxd2 h4 39. Kd3 Be7 40. f3 Bd6 41. Bd2 1/2-1/2

[Event "EU-ch blitz"]
[Site "Cannes"]
[Date "2006.02.19"]
[Round "3"]
[White "Timman, Jan H"]
[Black "King, Daniel J"]
[Result "1/2-1/2"]
[WhiteElo "2630"]
[BlackElo "2526"]
[PlyCount "56"]
[EventDate "2006.02.12"]
[EventType "swiss (blitz)"]
[EventRounds "12"]
[EventCountry "FRA"]
[SourceTitle "EXT 2007"]
[Source "ChessBase"]
[SourceDate "2006.11.23"]
[SourceVersion "1"]
[SourceVersionDate "2006.11.23"]
[SourceQuality "1"]

1. e4 c5 2. Nf3 d6 3. Nc3 Nf6 4. e5 dxe5 5. Nxe5 e6 6. Bb5+ Nbd7 7. d4 cxd4 8. Qxd4 Be7 9. Bf4 0-0 10. 0-0-0 Nxe5 11. Qxe5 Qb6 12. Be3 Qa5 13. Qg3 a6 14. Bd3 b5 15. Bh6 Nh5 16. Qe5 f5 17. Bd2 Bf6 18. Qc5 Bb7 19. a3 Rac8 20. Qe3 b4 21. Na2 Bxb2+ 22. Kxb2 Qxa3+ 23. Kb1 Bd5 24. Nxb4 Rb8 25. Qd4 Ba2+ 26. Ka1 Bc4+ 27. Kb1 Ba2+ 28. Ka1 Bc4+ 1/2-1/2

[Event "Cannes op"]
[Site "Cannes"]
[Date "2006.02.16"]
[Round "7"]
[White "Kekelidze, Mikheil"]
[Black "King, Daniel J"]
[Result "1-0"]
[WhiteElo "2516"]
[BlackElo "2526"]
[PlyCount "76"]
[EventDate "2006.02.12"]
[EventType "swiss"]
[EventRounds "7"]
[EventCountry "FRA"]
[SourceTitle "CBM 110 Extra"]
[Source "ChessBase"]
[SourceDate "2006.03.10"]
[SourceVersion "2"]
[SourceVersionDate "2006.03.10"]
[SourceQuality "1"]

1. d4 d5 2. c4 e6 3. Nc3 Be7 4. Nf3 Nf6 5. g3 dxc4 6. Bg2 0-0 7. Ne5 c5 8. dxc5 Qxd1+ 9. Nxd1 Bxc5 10. 0-0 Nc6 11. Nxc6 bxc6 12. Be3 Bxe3 13. Nxe3 Ba6 14. Rfc1 Rab8 15. Nxc4 Bxc4 16. Rxc4 Rxb2 17. Rxc6 Rd8 18. Rc7 a5 19. Rc5 a4 20. Rc4 Nd5 21. Rxa4 Nc3 22. Ra3 Nxe2+ 23. Kf1 Nd4 24. Ra8 Rxa8 25. Bxa8 Nc2 26. Rd1 g5 27. a4 Ra2 28. Bc6 Nb4 29. Rd8+ Kg7 30. Be8 Nd5 31. Rd7 Rxa4 32. Rxf7+ Kg8 33. Rb7 Ra6 34. Bf7+ Kh8 35. h3 Rb6 36. Rd7 Nf6 37. Ra7 Nd5 38. Ra8+ Kg7 1-0

[Event "BCF-chT 0506 (4NCL)"]
[Site "Birmingham"]
[Date "2006.01.14"]
[Round "5.3"]
[White "King, Daniel J"]
[Black "Ansell, Simon"]
[Result "1-0"]
[WhiteElo "2526"]
[BlackElo "2383"]
[PlyCount "95"]
[EventDate "2005.10.22"]
[EventType "team"]
[EventRounds "11"]
[EventCountry "ENG"]
[SourceTitle "EXT 2007"]
[Source "ChessBase"]
[SourceDate "2006.11.23"]
[SourceVersion "1"]
[SourceVersionDate "2006.11.23"]
[SourceQuality "1"]
[WhiteTeam "Guildford"]
[BlackTeam "BET"]
[WhiteTeamCountry "ENG"]
[BlackTeamCountry "ENG"]

1. e4 e5 2. Nf3 Nc6 3. Bb5 Nf6 4. 0-0 Bc5 5. Nxe5 Nxe5 6. d4 a6 7. Be2 Nxe4 8. dxc5 Nxc5 9. b4 Ne6 10. f4 Nc6 11. Bb2 d5 12. f5 Ng5 13. b5 axb5 14. Bxb5 Qd6 15. Nc3 Qc5+ 16. Kh1 Bd7 17. Qxd5 Qxd5 18. Nxd5 0-0-0 19. Bxg7 Rhg8 20. Bf6 Rde8 21. Rae1 Ne4 22. Kg1 Nd6 23. Rxe8+ Rxe8 24. Bd3 Kb8 25. Bb2 Bc8 26. Nf6 Rd8 27. a3 h6 28. g4 b6 29. Re1 Na5 30. Kf2 Nab7 31. Re7 Nc5 32. Be5 Nxd3+ 33. cxd3 Ba6 34. Ke3 Kb7 35. Rd7 Rxd7 36. Nxd7 Ne8 37. Bf4 Bb5 38. Ne5 h5 39. gxh5 Nf6 40. h6 Be8 41. Bg5 Nh7 42. Be7 Kc8 43. Ng4 Kd7 44. Nf6+ Kxe7 45. Nxh7 f6 46. Ng5 Kf8 47. Ne6+ Kg8 48. Nxc7 1-0

[Event "BCF-chT 0405 (4NCL)"]
[Site "West Bromwich"]
[Date "2005.05.02"]
[Round "11.4"]
[White "King, Daniel J"]
[Black "Bates, Richard"]
[Result "1-0"]
[WhiteElo "2517"]
[BlackElo "2377"]
[PlyCount "77"]
[EventDate "2004.09.18"]
[EventType "team"]
[EventRounds "11"]
[EventCountry "ENG"]
[SourceTitle "EXT 2006"]
[Source "ChessBase"]
[SourceDate "2005.11.24"]
[SourceVersion "1"]
[SourceVersionDate "2005.11.24"]
[SourceQuality "1"]
[WhiteTeam "Guildford II"]
[BlackTeam "Richmond"]
[WhiteTeamCountry "ENG"]
[BlackTeamCountry "ENG"]

1. e4 c5 2. Nf3 d6 3. d4 cxd4 4. Qxd4 a6 5. c4 Nc6 6. Qd2 Nf6 7. Nc3 g6 8. h3 Bg7 9. Be2 0-0 10. 0-0 Bd7 11. Rb1 Rb8 12. Re1 Qa5 13. a3 Ne5 14. Nd5 Nxf3+ 15. Bxf3 Qd8 16. b4 Nxd5 17. cxd5 Qc7 18. Bb2 Rfc8 19. Rbc1 Qb6 20. Bxg7 Kxg7 21. Bg4 Qd8 22. Rc3 f6 23. Bxd7 Qxd7 24. Rec1 Kf7 25. Qc2 Rxc3 26. Qxc3 Ke8 27. g4 Kd8 28. g5 Rc8 29. Qxc8+ Qxc8 30. Rxc8+ Kxc8 31. h4 Kd7 32. f4 Ke8 33. Kf2 b5 34. f5 Kf7 35. Kf3 h6 36. fxg6+ Kxg6 37. gxh6 Kxh6 38. Kg4 Kg6 39. h5+ 1-0

[Event "BCF-chT 0405 (4NCL)"]
[Site "West Bromwich"]
[Date "2005.05.01"]
[Round "10.4"]
[White "Hennigan, Michael"]
[Black "King, Daniel J"]
[Result "1/2-1/2"]
[WhiteElo "2400"]
[BlackElo "2517"]
[PlyCount "163"]
[EventDate "2004.09.18"]
[EventType "team"]
[EventRounds "11"]
[EventCountry "ENG"]
[SourceTitle "EXT 2006"]
[Source "ChessBase"]
[SourceDate "2005.11.24"]
[SourceVersion "1"]
[SourceVersionDate "2005.11.24"]
[SourceQuality "1"]
[WhiteTeam "The ADS"]
[BlackTeam "Guildford"]
[WhiteTeamCountry "ENG"]
[BlackTeamCountry "ENG"]

1. g3 d5 2. Bg2 Nf6 3. d3 c5 4. Nf3 Nc6 5. 0-0 Bg4 6. h3 Bh5 7. c4 e6 8. Qb3 Qd7 9. g4 Bg6 10. Bf4 Bd6 11. Bxd6 Qxd6 12. Nc3 0-0 13. g5 dxc4 14. Qxb7 Rab8 15. Nb5 Qd5 16. Qa6 Nb4 17. Qa4 Nh5 18. Nc3 Qf5 19. a3 cxd3 20. e4 Qf4 21. axb4 cxb4 22. Nb1 Bxe4 23. Nbd2 Bxf3 24. Nxf3 e5 25. Qd1 e4 26. Nd2 e3 27. fxe3 Qxe3+ 28. Rf2 Nf4 29. Nf3 Ne2+ 30. Kf1 Ng3+ 31. Kg1 Ne2+ 32. Kf1 Ng3+ 33. Kg1 Ne4 34. Qe1 Qxe1+ 35. Rxe1 Nxf2 36. Kxf2 Rbc8 37. Nd4 Rfd8 38. Nc6 d2 39. Rd1 Rd7 40. Nxb4 Rb8 41. Nd5 Rxb2 42. Ke2 Rd6 43. Kd3 Re6 44. Be4 Ra2 45. Nc3 Ra5 46. h4 Rc5 47. Nd5 Ra5 48. Nc3 Ra3 49. Kxd2 g6 50. Bd5 Re5 51. Kc2 Re3 52. Bb3 Ra5 53. Rd8+ Kg7 54. Nd5 Rc5+ 55. Kd2 Rf3 56. Nf6 Rxf6 57. gxf6+ Kxf6 58. Rd7 Rh5 59. Rxf7+ Ke5 60. Rxa7 Rxh4 61. Bd1 Kf4 62. Rf7+ Kg5 63. Ke3 Kh6 64. Bf3 Kg5 65. Bd5 Rh3+ 66. Ke4 h5 67. Ke5 Ra3 68. Rf1 Rg3 69. Be4 h4 70. Rf6 Kh5 71. Rf8 Rg1 72. Rh8+ Kg5 73. Bxg6 h3 74. Bf5 h2 75. Rxh2 Rg3 76. Rh8 Re3+ 77. Be4 Rg3 78. Rh7 Rg4 79. Bf5 Rg3 80. Rg7+ Kh4 81. Ra7 Kg5 82. Be4 1/2-1/2

[Event "BCF-chT 0405 (4NCL)"]
[Site "West Bromwich"]
[Date "2005.04.30"]
[Round "9.7"]
[White "Knott, Simon JB"]
[Black "King, Daniel J"]
[Result "1/2-1/2"]
[WhiteElo "2386"]
[BlackElo "2517"]
[PlyCount "69"]
[EventDate "2004.09.18"]
[EventType "team"]
[EventRounds "11"]
[EventCountry "ENG"]
[SourceTitle "EXT 2006"]
[Source "ChessBase"]
[SourceDate "2005.11.24"]
[SourceVersion "1"]
[SourceVersionDate "2005.11.24"]
[SourceQuality "1"]
[WhiteTeam "Barbican"]
[BlackTeam "Guildford"]
[WhiteTeamCountry "ENG"]
[BlackTeamCountry "ENG"]

1. Nf3 d5 2. d4 Nf6 3. c4 e6 4. Nc3 Be7 5. Bg5 0-0 6. e3 Nbd7 7. Rc1 c6 8. Bd3 dxc4 9. Bxc4 Nd5 10. Bxe7 Qxe7 11. 0-0 b6 12. Bd3 Bb7 13. Nxd5 exd5 14. Rc3 g6 15. Qe2 a5 16. e4 Rae8 17. exd5 Qd6 18. Qd2 Nf6 19. Qh6 Qxd5 20. Bc4 Qh5 21. Qxh5 Nxh5 22. Re3 b5 23. Bb3 a4 24. Bc2 c5 25. dxc5 Rxe3 26. fxe3 Rc8 27. b4 axb3 28. Bxb3 Rxc5 29. Nd4 Bd5 30. Bxd5 Rxd5 31. Rb1 Re5 32. Kf2 Nf6 33. Rxb5 Ng4+ 34. Kf3 Rxe3+ 35. Kxg4 1/2-1/2

[Event "Staunton Memorial 2nd"]
[Site "London"]
[Date "2004.08.25"]
[Round "3"]
[White "King, Daniel J"]
[Black "Houska, Jovanka"]
[Result "1/2-1/2"]
[WhiteElo "2512"]
[BlackElo "2375"]
[PlyCount "81"]
[EventDate "2004.08.23"]
[EventType "tourn"]
[EventRounds "6"]
[EventCountry "ENG"]
[EventCategory "9"]
[SourceTitle "CBM 103"]
[Source "ChessBase"]
[SourceDate "2004.11.11"]
[SourceVersion "1"]
[SourceVersionDate "2004.11.11"]
[SourceQuality "1"]

1. e4 c6 2. d4 d5 3. exd5 cxd5 4. Bd3 Nc6 5. c3 Nf6 6. Bf4 Bg4 7. Qb3 Qc8 8. Nd2 e6 9. Ngf3 Be7 10. 0-0 0-0 11. Rae1 Bh5 12. Ne5 Nxe5 13. dxe5 Nd7 14. c4 h6 15. Bb1 Bg6 16. cxd5 Bxb1 17. Rxb1 exd5 18. Qxd5 Nc5 19. Ne4 Qf5 20. Nxc5 Bxc5 21. Bg3 b6 22. Rbd1 a5 23. Rd3 a4 24. Rfd1 Ra5 25. Qc6 Kh7 26. h4 Ra7 27. Qd5 Re8 28. Rf3 Qg4 29. Kh2 Kg8 30. Rdd3 Qg6 31. Qc4 Qc6 32. Qg4 Rae7 33. h5 Kh8 34. Bf4 Qe4 35. Rg3 Rg8 36. Rd8 Qh7 37. Rgd3 Ree8 38. Rxe8 Rxe8 39. Rd7 Kg8 40. f3 Qb1 41. Bxh6 1/2-1/2

[Event "Staunton Memorial 2nd"]
[Site "London"]
[Date "2004.08.24"]
[Round "2"]
[White "Speelman, Jonathan S"]
[Black "King, Daniel J"]
[Result "1/2-1/2"]
[WhiteElo "2555"]
[BlackElo "2512"]
[PlyCount "27"]
[EventDate "2004.08.23"]
[EventType "tourn"]
[EventRounds "6"]
[EventCountry "ENG"]
[EventCategory "9"]
[SourceTitle "CBM 103"]
[Source "ChessBase"]
[SourceDate "2004.11.11"]
[SourceVersion "1"]
[SourceVersionDate "2004.11.11"]
[SourceQuality "1"]

1. Nf3 d5 2. c4 e6 3. d4 Nf6 4. g3 dxc4 5. Qa4+ Nbd7 6. Bg2 a6 7. Nc3 Rb8 8. Qxc4 b5 9. Qd3 Bb7 10. Bf4 Bd6 11. Bxd6 cxd6 12. a3 0-0 13. 0-0 Nb6 14. Rfc1 1/2-1/2

[Event "BCF-chT 0304 (4NCL)"]
[Site "West Bromwich"]
[Date "2004.05.23"]
[Round "11.6"]
[White "Baburin, Alexander"]
[Black "King, Daniel J"]
[Result "0-1"]
[WhiteElo "2548"]
[BlackElo "2497"]
[PlyCount "76"]
[EventDate "2003.10.18"]
[EventType "team"]
[EventRounds "11"]
[EventCountry "ENG"]
[SourceTitle "EXT 2005"]
[Source "ChessBase"]
[SourceDate "2004.11.15"]
[SourceVersion "1"]
[SourceVersionDate "2004.11.15"]
[SourceQuality "1"]
[WhiteTeam "Wood Green"]
[BlackTeam "Guildford"]
[WhiteTeamCountry "ENG"]
[BlackTeamCountry "ENG"]

1. d4 e6 2. c4 d5 3. Nc3 Be7 4. cxd5 exd5 5. Bf4 c6 6. Qc2 Bd6 7. Bg3 Ne7 8. e3 Bf5 9. Qd2 0-0 10. Nf3 Ng6 11. Be2 Re8 12. 0-0 Bxg3 13. hxg3 Nd7 14. b4 h5 15. b5 Nb6 16. bxc6 bxc6 17. Rfe1 h4 18. gxh4 Nxh4 19. g3 Nc4 20. Qc1 Nxf3+ 21. Bxf3 Rb8 22. Na4 Qf6 23. Nc5 Rb2 24. Bd1 Qxd4 25. Re2 Qf6 26. Rxb2 Nxb2 27. Bc2 Bg4 28. Nd3 Nxd3 29. Bxd3 Bf3 30. Bf1 c5 31. Bg2 d4 32. exd4 cxd4 33. Rb1 d3 34. Bxf3 Qxf3 35. Qc4 d2 36. Qf1 g6 37. Rd1 Qxd1 38. Qxd1 Re1+ 0-1

[Event "BCF-chT2 0304 (4NCL)"]
[Site "West Bromwich"]
[Date "2004.05.01"]
[Round "7.2"]
[White "Bigg, Andrew J"]
[Black "King, Daniel J"]
[Result "1/2-1/2"]
[WhiteElo "2267"]
[BlackElo "2497"]
[PlyCount "121"]
[EventDate "2003.11.17"]
[EventType "team"]
[EventRounds "11"]
[EventCountry "ENG"]
[SourceTitle "EXT 2005"]
[Source "ChessBase"]
[SourceDate "2004.11.15"]
[SourceVersion "1"]
[SourceVersionDate "2004.11.15"]
[SourceQuality "1"]
[WhiteTeam "PYO"]
[BlackTeam "Guildford II"]
[WhiteTeamCountry "ENG"]
[BlackTeamCountry "ENG"]

1. d4 Nf6 2. Bg5 e6 3. e4 h6 4. Bxf6 Qxf6 5. c3 d5 6. Nd2 c5 7. Ngf3 cxd4 8. exd5 exd5 9. Nxd4 Nc6 10. N2b3 Bd6 11. Qf3 Qxf3 12. Nxf3 Bg4 13. Be2 0-0-0 14. 0-0 Rhe8 15. Rfe1 Bc7 16. Nfd4 Ne5 17. Bb5 Bd7 18. Bxd7+ Kxd7 19. Nc5+ Kc8 20. f4 Nc4 21. b3 Nd2 22. Nd3 Ne4 23. Rac1 Kb8 24. g3 Bb6 25. Kg2 h5 26. Nf3 f6 27. f5 Nd6 28. Nh4 Be3 29. Rcd1 Bg5 30. Nf3 Nxf5 31. Nxg5 fxg5 32. Rxe8 Rxe8 33. Re1 Rxe1 34. Nxe1 g4 35. Nd3 Ne3+ 36. Kf2 Nd1+ 37. Ke2 Nxc3+ 38. Ke3 g5 39. Kd4 Nxa2 40. Kxd5 Kc7 41. Ke5 Nc3 42. Kf5 Nd5 43. Kxg5 Ne3 44. Kxh5 a5 45. Kg5 Kd6 46. Kf4 Nf1 47. Kxg4 Nxh2+ 48. Kf4 Kd5 49. g4 Nxg4 50. Kxg4 Kd4 51. Nc1 Kc3 52. Kf4 b5 53. Ke3 b4 54. Nd3 Kxb3 55. Kd2 Ka2 56. Kc1 b3 57. Nb2 Ka3 58. Nc4+ Kb4 59. Nxa5 Kxa5 60. Kb2 Kb4 61. Kb1 1/2-1/2